000 00694nam a22002057a 4500
008 161104b xxu||||| |||| 00| 0 eng d
020 _a978-971-23-7839-3
082 _22016
_aDFil 519.5
_bB41s
100 _916810
_aBelecina, Rene R.
245 _aStatistics and probability/
_cRene R. Belecina, Elisa S. Baccay and Efren B. Mateo.
250 _aFirst edition.
260 _aSampaloc, Manila:
_bRex Book Store,
_cc2016.
300 _avi, 331 pages;
_c25 cm.
500 _aIncludes bibliographical references and glossary.
650 0 _916814
_aProbabilities.
650 0 _916815
_aStatistics.
700 _916811
_aBaccay, Elisa S.
700 _916812
_aMateo, Efren B.
942 _2ddc
_cDFIL
999 _c5469
_d5469